Network virtualization with containers

Salvato in:
Dettagli Bibliografici
Autore principale: Sokol, Ladislav (Autore)
Altri autori: Kaňuch, Peter (Relatore della tesi)
Natura: Manoscritto Libro
Lingua:slovacco
inglese
Pubblicazione: 2025
Soggetti:
Accesso online:http://is.stuba.sk/zp/portal_zp.pl?podrobnosti=184087
Tags: Aggiungi Tag
Nessun Tag, puoi essere il primo ad aggiungerne!!

MARC

LEADER 00000ntm a22000003a 4500
001 stuzp105857
003 SK-STU
005 20250607211841.2
007 ta
008 150427s2015----xo-----f-mn---000-0-slo-d
040 |a STU  |b slo 
041 0 |a eng 
100 1 |a Sokol, Ladislav  |u 070400  |4 aut  |U FIIT Fakulta informatiky a informačných technológií  |T FIIT Ústav počítačového inžinierstva a aplikovanej informatiky  |X 103131  |U I400  |Y 672  |7 103131 
242 0 1 |a Virtualizácia siete pomocou kontajnerov  |y slo 
245 1 0 |a Network virtualization with containers 
260 |c 2025 
650 4 |a Lightweight Infrastructure  |2 eng 
650 4 |a Network Simulation  |2 eng 
650 4 |a Containerization  |2 eng 
650 4 |a Simulácia siete  |2 slo 
650 4 |a Kontajnerizácia  |2 slo 
650 4 |a Ľahká infraštruktúra  |2 slo 
700 1 |a Kaňuch, Peter  |4 ths  |X 73957  |7 73957 
856 4 |u http://is.stuba.sk/zp/portal_zp.pl?podrobnosti=184087